1982 1691 1635 1276 1841 1400 1485 1999 1819 1178 1734 1373 1142 1834 1177 1535 1135 1715 1608 1916 1175 1048 1253 1258 1812 1019 1151 1118 1461 1481 1592 1797 1242 1497 1502 1298 1729 1338 1394 1054 1033 1751 1467 1479 1821 1566 1976 1138 1873 1067 1049 1052 1712 1761 1987 1312 1889 1204 1932 1284 1643 1164 1212 1837 1940 1460 1269 1767 1902 1087 1342 1909 1463 1587 1796 1147 1721 1057 1615 1018 1798 1543 1990 1047 1837 1780 1535 1409 1801 1392 1868 1034 1851 1522 1986 1020 1017 1850 1873 BCNSPRNW ULIB Ver.6.0+V

เปลี่ยนเป็นภาษาไทย

Change to English
 แสดงรายละเอียดบรรณานุกรม
  กลับหน้าหลัก

Brief Record : Get Marc (ISO 2709) : E-mail record : QR code < ปิดหน้าต่าง
LEADER : 00000nam 2200000uu 4500
001    13399113516
003     ULIB
008    110627s2550||||th 000 0 tha d
020    9789747519174
090    นว.^bก385ด 2550
100 0  กัณทิรา
245 00 เดิมพันหัวใจ/^cกัณทิรา
250    พิมพ์ครั้งที่ 1
260    กรุงเทพฯ :^bSugar Beat,^c2550
300    331 หน้า
710 1  Sugar Beat
945    ^p230^l0^i022037
995    ทศพร
999 ^a ใช้งานได้ทุกระบบ
รายการนี้ยังไม่มีแท็ก
คุณยังไม่ได้ล็อกอิน คุณสามารถมีกิจกรรมร่วมกับเว็บไซต์ได้ แต่ต้องล็อกอินก่อน ::
  ล็อกอิน

รายการสื่อสารสนเทศ

ลำดับที่ ประเภท เลขเรียก/บาร์โค้ด สถานที่ สถานะ
1. นวนิยาย
นวนิยาย
นว. ก385ด 2550 ฉ.1 
  Barcode: 022037
ห้องสมุดวิทยาเขตสวรรค์ประชารักษ์
►นวนิยาย
บนชั้น
  ขอยืม

BibComment


ยังไม่เคยถูกคอมเมนท์

คอมเมนท์ทรัพยากรรายการนี้
  คอมเมนท์: เดิมพันหัวใจ กัณท..


 Copyright 2026. Bcnsprnw @Library